000
00241nam a2200097Ia 4500
008
190216s9999||||xx |||||||||||||| ||und||
100
_a
Shyamshyamlal Madhup
245
0
_a
Hindi-Kahi Meharom Ko Salam
260
_b
Saraswathi Press
942
_c
BK
999
_c
15382
_d
15382